000
00222nam a22000857a 4500
008
170601b xxu||||| |||| 00| 0 eng d
100
_9
3186
_a
Sinha. S
245
_a
A Pineh of salt rocks an empire
260
_a
New Delhi
_b
CBT
_c
2004
999
_c
6489
_d
6489